000
00325nam a2200133Ia 4500
008
210210b1991 xxu||||| |||| 00| 0 eng d
082
_a
032.02 SILI
100
_a
SILVERA (D M).
245
_a
India book 1991
260
_a
N D
_b
New India Publications
_c
1991
300
_a
314
690
_a
General Knowledge
906
_a
045306
999
_c
94594
_d
94594